| 000 | 00807nam a2200253Ia 4500 | ||
|---|---|---|---|
| 001 | 21872 | ||
| 005 | 20260320113320.0 | ||
| 008 | 260320s9999||||xx |||||||||||||| ||und|| | ||
| 041 | _aESP | ||
| 082 |
_a658.83 _bL65 |
||
| 100 |
_aLinares Cazola, José, _eAUT |
||
| 245 | 0 |
_aInvestigación de mercados : _btécnicas y procedimientos de información para el marketing competitivo |
|
| 246 |
_a _5 _b |
||
| 250 | _aPrimera edición | ||
| 260 |
_aLima : _bSan Marcos, _c2001 |
||
| 300 |
_a323 páginas : _bcuadros, tablas ; _c22 cm. _e |
||
| 440 |
_a _n _v |
||
| 650 | _aTCA | ||
| 653 | _aInvestigación de mercados; Marketing | ||
| 654 | _aCAN | ||
| 700 |
_a _c |
||
| 856 |
_uhttps://www-bibliotechnia-com-mx.ucsp.lookproxy.com/ _zVéase además: Base de datos BiblioTechnia |
||
| 942 |
_cLIB _dJUS _fMAT _2ddc _n |
||
| 999 |
_c21872 _d21872 |
||